Culture Générale - Série 157 - Statistiques

Statistiques générales
  • Ce quiz a été pris 345 fois
  • Le résultat moyen est 6 sur 10
Statistiques - réponses
Question Réponse % Correct
Quel aliment plongez-vous dans le fromage lors d'une fondue savoyarde ? Pain
92%
Au poker, combien faut-il de cartes qui se suivent pour faire une suite ? 5
91%
Dans quel art Alain Ducasse exerce-t-il sa profession ? Cuisine
75%
Quel nom porte la masse de fer sur laquelle on forge les métaux ? Enclume
72%
En 1986, à quelle boule se compare Corynne Charby dans sa chanson ? Boule de flipper
60%
Dans quel domaine professionnel Jacques Séguéla s'illustre-t-il ? Publicité
45%
En 2006, qui joue le commissaire Bézu Fache dans le film "Da Vinci Code" ? Jean Reno
39%
Dans "Les Trois Mousquetaires", sous quel nom apparaît Anne de Winter ? Milady
37%
Quel Bernard a chanté "Réussir sa vie" en 1985 ? Bernard Tapie
33%
Qui était l'animateur du fameux "Grand Echiquier" ? Jacques Chancel
27%
Aucun quiz correspondant
Distribution des résultats
% des personnes avec chaque résultat
Percentile par nombre de réponses
Votre historique - résultats
Vous n’avez pas pris ce quiz